01047nam a2200157 a 450000100080000000500110000800800410001910000250006024501620008526000280024730001790027550000080045452004020046265000150086465000100087913703892024-01-24 1976 bl uuuu m 00u1 u #d1 aMIRANDA, L. E. C. de aAvaliacao do efeito residual de fertilizantes atraves de coeficientes da funcao superficie de resposta ajustada a ensaios de adubacao de milho (Zea mays L.). aPiracicaba: ESALQc1976 a131p.cDissertacao apresentada a Escola Superior de Agricultura Luiz de Queiroz, da Universidade de Sao Paulo, para obtencao do grau de Mestre em Solos e Nutricao de Plantas. aDES aEm seis locais, durante 11 ou 12 anos, foram instalados 67 ensaios de adubacao de milho, com delineamento Central Composto (BOX). Pelo metodo dos quadrados minimos foram ajustadas funcoes superficie de resposta. Para cada local foram efetuadas analises de variancia de regressao linear e calculados os coeficientes de correlacao e correlacao de postos, entre anos e parametros das funcoes obtidas. aAdubação aMilho